[Event "Hamburg HSK"]
[Site "Hamburg"]
[Date "2011.01.05"]
[Round "5.1"]
[White "Huschenbeth, Niclas"]
[Black "Lanka, Zigurds"]
[Result "1-0"]
[WhiteElo "2450"]
[BlackElo "2468"]
[Annotator "Albers,A"]
[PlyCount "117"]
[EventDate "2011.01.02"]
[EventType "tourn"]
[EventRounds "9"]
[EventCountry "GER"]
[EventCategory "7"]
[SourceTitle "CBM 140 Extra"]
[Source "ChessBase"]
[SourceDate "2011.03.01"]
[SourceVersion "1"]
[SourceVersionDate "2011.03.01"]
[SourceQuality "1"]

1. e4 c5 2. Nf3 Nc6 3. d4 cxd4 4. Nxd4 Nf6 5. Nc3 d6 6. Bg5 e6 7. Qd2 a6 8.
O-O-O Bd7 9. f4 Qc7 10. Nf3 O-O-O 11. Bd3 Be7 12. Rhe1 h6 13. Bh4 {[#]} g5 $6 {
sehr riskant.} (13... Kb8 {ist die Hauptvariante. Allerdings steht Weiß auch
dann etwas besser.}) 14. fxg5 Ng4 15. gxh6 Bxh4 16. Nxh4 Rxh6 17. Nf3 Rhh8 18.
h3 Nge5 19. Bf1 Be8 20. Qf2 Kb8 21. Kb1 Rh5 22. Ne2 Nxf3 23. gxf3 Qa5 24. Nc1
Qc5 25. Qd2 Ka8 $6 26. f4 f6 27. Nb3 Qb6 28. Bc4 e5 29. Be6 Rh4 30. Bg4 Bh5 {
(=)} 31. Rg1 Bxg4 32. hxg4 Qc7 33. Qf2 Rdh8 34. fxe5 fxe5 35. g5 Rxe4 36. Qf6
Rd8 37. g6 Rf4 38. Qe6 Rff8 39. a3 (39. Rdf1 $5) 39... Rfe8 40. Qc4 Rg8 41.
Rdf1 d5 42. Qc5 d4 43. Ka2 Rc8 $2 (43... Rg7 {oder}) (43... Qc8 {waren zäher
aber am weißen Vorteil gibt es nichts zu rütteln.}) 44. Rf7 Qb8 45. Qd5 Rcd8
46. Qe4 Qd6 47. g7 Qe6 $6 48. Rgf1 a5 49. R1f6 Qc4 50. Kb1 Rb8 51. Rc7 Qb5 {[#]
} 52. a4 $3 {Der Ausheber.} Qxa4 53. Rfxc6 bxc6 54. Rxc6 Ka7 55. Rc7+ Kb6 56.
Qxe5 Qb4 57. Nc5 Rge8 58. Qd6+ Kb5 59. Qa6# 1-0

[Event "Belgrade Investbank"]
[Site "Belgrade"]
[Date "1989.11.??"]
[Round "10"]
[White "Popovic, Petar"]
[Black "Kozul, Zdenko"]
[Result "0-1"]
[WhiteElo "2550"]
[BlackElo "2560"]
[Annotator "Anand,V"]
[PlyCount "74"]
[EventDate "1989.11.??"]
[EventType "tourn"]
[EventRounds "11"]
[EventCountry "YUG"]
[EventCategory "15"]
[SourceTitle "CBM 016"]
[Source "ChessBase"]
[SourceDate "1990.06.01"]
[SourceVersion "1"]
[SourceVersionDate "1990.06.01"]
[SourceQuality "1"]

1. e4 {(Anand)} c5 2. Nf3 d6 3. d4 cxd4 4. Nxd4 Nf6 5. Nc3 Nc6 6. Bg5 e6 7. Qd2
a6 8. O-O-O Bd7 9. f4 b5 10. Bxf6 gxf6 11. Kb1 (11. Nxc6 Bxc6 12. Qe1 Be7 13.
Bd3 Qb6 {Ernst-Popovic Subotica(izt) 1987}) 11... Qb6 12. Nce2 (12. Nxc6 $6
Bxc6 13. Bd3 b4 14. Ne2 h5 15. Rhf1 a5 16. f5 e5 17. Ng1 Qc5 $15 {Short-Kozul
Belgrade 1989}) 12... Na5 13. b3 Rb8 $6 14. Ng3 h5 15. e5 $1 d5 16. Be2 h4 17.
Nh5 Rxh5 (17... f5 18. Nf6+ $16) 18. Bxh5 Nc4 19. Qd3 Qa5 20. Ka1 Ba3 21. Rb1
fxe5 22. bxc4 exd4 23. cxd5 Rc8 24. Rb3 Bb4 25. Kb1 (25. Qh7 $1 $16) 25... Rc3
26. Qxd4 Rxb3+ 27. cxb3 Bc3 28. Qe3 b4 29. Rd1 Qa3 30. Qe2 $6 (30. Qc1 Qa5 31.
Bg4 $16) 30... e5 $1 31. Bxf7+ Kxf7 32. Qh5+ Ke7 $6 (32... Kg7 $1 33. Qg5+ Kf7
$10) 33. d6+ Kd8 $2 (33... Kf6 34. fxe5+ Kg7 $10) 34. Qh8+ Be8 35. Qf6+ $18 Kc8
36. d7+ Kb7 (36... Bxd7 37. Qf8+ Kc7 38. Qd6+ $18) 37. d8=N+ $4 (37. Qc6+ $3
Kxc6 38. dxe8=Q+ $18) 37... Ka8 $19 {(Anand)} 0-1

[Event "GRE-chT 32nd"]
[Site "Kallithea"]
[Date "2003.07.09"]
[Round "7"]
[White "Marjanovic, Slavoljub"]
[Black "Atalik, Suat"]
[Result "1/2-1/2"]
[WhiteElo "2511"]
[BlackElo "2599"]
[Annotator "Atalik,S"]
[PlyCount "87"]
[EventDate "2003.07.04"]
[EventType "team-tourn"]
[EventRounds "9"]
[EventCountry "GRE"]
[SourceTitle "CBM 095 Extra"]
[Source "ChessBase"]
[SourceDate "2003.09.04"]
[SourceVersion "1"]
[SourceVersionDate "2003.09.04"]
[SourceQuality "1"]

1. e4 c5 2. Nf3 d6 3. d4 cxd4 4. Nxd4 Nf6 5. Nc3 Nc6 6. Bg5 e6 7. Qd2 a6 8.
O-O-O Bd7 {Back to Kozul's Sicilian.} 9. f4 ({These days people have switched
to} 9. f3) 9... b5 10. Bxf6 gxf6 11. Kb1 Qb6 12. Nce2 Rc8 13. g3 b4 $5 ({Alex's
} 13... Na5 14. b3 Nc6 15. Bg2 Qa5 16. c3 Nxd4 17. Qxd4 Be7 $11 {simply
equalizes but difficult to play for a win.}) 14. Bg2 a5 15. Rhe1 a4 (15... Na7
16. g4) 16. Nxc6 Qxc6 17. Nd4 $6 Qc5 18. Re3 $8 {Pulkkinen could not find this
against Alex in 1986.} Bg7 19. c3 Rb8 $1 20. cxb4 Qxb4 21. Rc3 f5 $1 {Natural
and strong.} (21... Qb6 $2 22. f5 e5 23. Ne2 d5 24. Rc2 d4 25. Nc3) (21... O-O
$2 22. Rc7) 22. e5 O-O $5 {Here I have already decided to sac the exchange.} (
22... d5 23. Rc7 $1 (23. Nc6 $2 Bxc6 24. Rxc6 Qb7 25. Rdc1 O-O $17) (23. a3 $2
Qb6 24. Rdc1 O-O 25. Bf1 f6 26. Nc6 Rb7 $17) 23... Bf8 $1 (23... Qb6 $2 24. Qc2
Bf8 25. Rxd7 $1 Kxd7 (25... a3 26. Rc7 Qxb2+ 27. Qxb2 Rxb2+ 28. Ka1 Rxg2 29.
Rdc1 $18) 26. Qxa4+ $18) 24. Qxb4 (24. Qc2 Be7) 24... Bxb4 $11) (22... a3 $2
23. Rb3 Qxd2 24. Rxb8+ Ke7 25. exd6+ Kf6 26. Rxd2 Rxb8 27. Bc6 $18) 23. a3 Qb6
$5 {I had another continuation to my disposal.} (23... Qa5 $1 24. exd6 (24. Nc6
Bxc6 25. Rxc6 Qxd2 26. Rxd2 dxe5 27. fxe5 Bxe5 $19) 24... Qb6 25. Rc2 Rfc8 26.
Rxc8+ Rxc8 27. Qb4 Qa7 28. Rd2 Bf6 $44) 24. Nc6 dxe5 $1 {Brave!} (24... Bxc6
25. Rxc6 Qb3 26. Rxd6 Qxa3 27. Qd4 Rb3 28. Rd3 $11) 25. Nxb8 {He had to take
the exchange.} (25. Nxe5 $6 Bb5 $17) 25... Rxb8 26. Rc4 $5 {My opponent played
a move reminiscent of his past!} (26. fxe5 Bxe5 27. Rc2 Be8 $1 $44 (27... Bb5
$2 28. Qb4 Kg7 29. Bf1 Bxf1 30. Qxb6 Rxb6 31. Rxf1 h5 32. Rff2 h4 33. Rc4 hxg3
34. hxg3 Ra6 35. Kc2 $16)) 26... Bb5 (26... Qb3 27. Rc3 $11) 27. Rb4 Bf8 28.
fxe5 Bxb4 29. Qg5+ $1 {Now it is simply a draw.} Kf8 30. axb4 Be2 31. Qh6+ Kg8
32. Qg5+ Kf8 $5 {I just wanted to experiment all the possible drawish
continuations today!} 33. Qh6+ Ke8 34. Rc1 $1 {First rank should be protected.}
Bd3+ 35. Ka1 Qxb4 36. Bc6+ Ke7 37. Qf6+ Kf8 38. Qh8+ Ke7 39. Qf6+ Kf8 40. Bb5
$1 {When both sides are in time trouble why not to try something?} Kg8 $8 (
40... Qxb5 $4 41. Qh8+ Ke7 42. Rc7+ Qd7 43. Rxd7+ Kxd7 44. Qxb8 $18) (40...
Bxb5 41. Qh8+ Ke7 42. Qxb8 Qd2 43. Rc7+ Bd7 $16) 41. Qg5+ {Now it is time to
return to threefold repetition since both sides have exhausted their sources.}
Kh8 42. Qf6+ Kg8 43. Qg5+ Kh8 44. Qf6+ 1/2-1/2

[Event "SCG-chT"]
[Site "Budva"]
[Date "2003.09.08"]
[Round "10.61"]
[White "Perunovic, Milos"]
[Black "Atalik, Suat"]
[Result "1/2-1/2"]
[WhiteElo "2527"]
[BlackElo "2599"]
[Annotator "Atalik,S"]
[PlyCount "113"]
[EventDate "2003.09.??"]
[EventType "team"]
[EventRounds "11"]
[EventCountry "YUG"]
[SourceTitle "CBM 096 Extra"]
[Source "ChessBase"]
[SourceDate "2003.10.22"]
[SourceVersion "2"]
[SourceVersionDate "2003.10.20"]
[SourceQuality "1"]

1. e4 c5 2. Nf3 d6 3. d4 cxd4 4. Nxd4 Nf6 5. Nc3 Nc6 6. Bg5 e6 7. Qd2 a6 8.
O-O-O Bd7 {Back to the Kozul's Sicilian.} 9. f4 b5 10. Bxf6 gxf6 11. Kb1 {
I could have never understood the advantage of this one over the direct} b4 12.
Nce2 Qb6 13. f5 (13. g3 Rc8 14. Bg2 a5 {is just a transposition to
Marjanovic-Atalik,Halkidiki(Greek League) 2003.}) 13... Nxd4 {A risky move!}
14. Nxd4 e5 15. Ne2 {He goes for the template type of move.} h5 16. h4 {
He plays common moves.} (16. Nc1 Rc8 17. b3 Bc6 18. Bd3 (18. Bc4 Bxe4) 18...
Bh6 $15) 16... Ke7 $1 {This is the advantage of having the bishop on d7
instead of c6.I do not need extra moves like Qc5 to protect d6 as a
preparation for Ke7 but now the move comes at once.} ({After} 16... Bh6 $5 17.
Qxd6 Qxd6 18. Rxd6 Ke7 19. Rb6 a5 20. Rh3 $1 {Black just have some
compensation so it is needless.}) 17. Ng3 Bh6 18. Qe2 (18. Qd5 {During the
game I was thinking about this move.However it does not seem to be that
dangerous.} Qc6 $1 $13 (18... Bf4 $2 19. Nxh5 Rxh5 20. Qxa8 Bc6 21. Rxd6))
18... Qe3 $1 $146 19. Nxh5 Bb5 $3 {This is my big time idea.White is in dire
straits after this shot.The problem is I have come into this position after 1
hour!} 20. Qxe3 (20. Qf3 $2 Qxf3 21. gxf3 Bxf1 22. Rdxf1 Rag8 23. Rh3 Rg2 24.
f4 Rc8 25. c3 bxc3 26. Rxc3 Rxc3 27. bxc3 Rh2 $17) 20... Bxe3 21. Bxb5 axb5 22.
Rh3 $1 {Very resilient.} ({Some time ago I have been only concentrated on} 22.
Rd3 $6 Bf2 23. Rf3 Rxh5 24. Rxf2 Rg8 25. Rd2 Rg4 26. Rhd1 Rxe4 27. Rxd6 Rexh4 (
27... Rxf5 28. Rd7+ Kf8 29. g3 Rg4 30. R7d3 Rf2 $17) 28. Rd8 Rh1 29. R8d7+ Kf8
30. Kc1 Rxd1+ 31. Kxd1 Rxf5 $17) 22... Bc5 {I wanted to keep my bishop.After
some long time I have decided rightfully not to go to the double rook ending.}
(22... Rxh5 23. Rxe3 Rxh4 24. g3 Rh2 $1 (24... Rg4 $2 25. Rd5 Rag8 26. Rxb5
Rxg3 27. Rxg3 Rxg3 28. Rb7+ Ke8 29. Kc1) 25. Rb3 Ra4 (25... d5 $6 26. Rxb4 dxe4
27. Rxb5 Rd8 28. Rb7+ Ke8 29. Rxd8+ Kxd8 30. Kc1 e3 31. Kd1 Rd2+ 32. Ke1 Rxc2
33. a4 $16) 26. Rbd3 Re2 $1 (26... b3 27. axb3 Rxe4 28. Rxd6 Ree2 29. Rd8 Re1
30. R8d7+ Ke8 31. Rd8+ $11) 27. Rxd6 Ra7 $1 28. g4 $1 {punch to punch the
threat is 29.g5 now.} Rg2 $8 29. g5 Rxg5 30. R6d5 Rg4 31. Re1 Rd7 32. Rxd7+ (
32. Rd3 $2 Rd4 33. Rxd4 exd4 34. Kc1 Kd6 35. Kd2 Ke5 36. Kd3 Rg3+ 37. Kd2 Kf4
$17) 32... Kxd7 33. Kc1 Kd6 34. Kd2 Kc5 35. Ke3 Rh4 36. Rd1 Rh3+ $11) 23. Ng3
Rag8 $44 {Black has a great position.} 24. Rf1 (24. h5 $2 Bf2 25. Nh1 Bc5 $17)
24... Rg4 ({The exchange sac is no good .} 24... Rxg3 $2 25. Rxg3 Rxh4 26. Rg8
Rxe4 27. Rb8 $16) 25. h5 Be3 26. Rf3 Bf4 27. a3 $1 $132 {Just in time!} Bxg3 (
27... d5 $2 28. exd5 Bxg3 29. Rfxg3 Rxg3 30. Rxg3 Rxh5 31. Rb3 $1 bxa3 (31...
Rxf5 32. Rxb4 Rf1+ 33. Ka2 $16) 32. Rxb5 axb2 33. Kxb2 Rxf5 34. c4 $18) (27...
Rhg8 $2 28. Ne2 Bd2 29. Rd3 Bh6 30. Rhg3 Rxg3 31. Rxg3 Rxg3 32. Nxg3 bxa3 33.
bxa3 d5 34. exd5 Kd6 35. a4 $1 $18) (27... bxa3 $2 28. Rxa3 Bxg3 29. Raxg3 Rxg3
30. Rxg3 Rxh5 31. Rb3 d5 32. exd5 Rxf5 33. Rxb5 Rf4 34. b3 Rd4 35. c4 e4 36.
Rb7+ Ke8 37. Kc2 e3 38. Ra7 $18) 28. Rfxg3 Rxg3 {I did not want to play with
my pieces confined like Kf8 and Rh8.} (28... Rxe4 29. Rb3 (29. h6 d5 30. h7 Kf8
31. Rd3 d4 (31... bxa3 32. Rxd5) 32. c3 bxc3 33. bxc3 Rg4 34. cxd4 exd4 35. Rb3
Kg7 36. Rxb5 Rxg2 37. Rb4 $11)) 29. Rxg3 Rxh5 30. Rb3 {He wants to play safe.}
(30. axb4 Rh4 31. Re3 d5 32. exd5 Rxb4 33. Rc3 (33. c3 Rg4) 33... Rg4 34. Rc7+
Kd6 35. Rxf7 Rxg2 36. Rxf6+ Kxd5 $11 {is just equal.}) 30... bxa3 $2 $138 {
Here I have missed my chance.I could have created some situation similar to
Sherzer-Yermolinsky,Philadelphia(World Open) 1998.} (30... Rh1+ $2 31. Ka2 bxa3
32. Kxa3 Re1 33. Rb4 Kd7 34. Rxb5 Kc6 35. Rb4 $16) (30... d5 $3 31. exd5 (31.
Rxb4 dxe4) 31... Rxf5 32. Rxb4 Rf1+ 33. Ka2 f5 $1 34. Rxb5 e4 35. g3 e3 36. Rb3
Rf3 37. Rb7+ Kd6 38. Rb8 Rxg3 $19) 31. Rxb5 $1 {This is actually what I have
missed.} (31. bxa3 Rh4 $1 (31... d5 32. exd5 Rxf5 33. Rxb5) 32. Rxb5 Rxe4 33.
Rb7+ Kf8 $1 (33... Ke8 34. Rb8+ Kd7 35. Rb7+ $11) 34. Rd7 Rd4 35. c3 Rd2 36. a4
e4 $17) 31... Rh1+ 32. Ka2 axb2 33. Kxb2 Rh7 $5 {With this weird move I have
burned my remaining time.} (33... Rh4 {In this line his c pawn becomes pretty
dangerous.} 34. Rb7+ Kf8 35. Rd7 Rxe4 36. Rxd6 Ke7 37. Rd2 Rf4 38. Kb3 Rxf5 39.
c4 Rf1 40. c5 Rc1 41. Kb4 f5 42. Kb5 f4 43. Kb6 Ke6 44. Rd6+ Kf5 45. c6 Rb1+
46. Ka6 e4 47. c7 Rc1 48. Kb7 Rxc7+ 49. Kxc7 f3 50. gxf3 exf3 51. Rd1 Ke4 52.
Kd6 f5 53. Ke6 f4 54. Rf1 Ke3 55. Kf5 $11) 34. Rb7+ Ke8 35. Rb6 Kd7 36. c4 $4 {
In mutual time trouble he gives me the chance I needed.} (36. Kc3 Rg7 37. Kc4
Rxg2 38. Rb7+ Ke8 39. c3 Rd2 40. Ra7 Kf8 41. Ra8+ Kg7 42. Rb8 Kh6 43. Rg8 $11)
36... Rg7 $4 {Only later I have realised that the pawn to attack is e4 not g2.}
(36... Rh4 $1 37. c5 (37. Rb7+ Ke8 38. Rb8+ Ke7 39. Rb7+ Kf8 40. Rb8+ Kg7 41.
Rd8 Rxe4 42. Kc3 Rd4 43. g4 (43. Rd7 Kh6 44. Rxf7 Kg5 $19) 43... Kh6 44. Rg8 d5
45. cxd5 Rxd5 46. Kc2 (46. Kc4 Rd2 47. Kc3 (47. Kc5 Rd4 48. Kc6 Kh7 49. Rf8 Kg7
$19) 47... Rd4 48. Kc2 e4 49. Kc3 Rd5 50. Rf8 Kg5 51. Rxf7 Rd6 52. Rg7+ Kf4 53.
Kc2 e3 $19) 46... e4 47. Re8 Re5 48. Rg8 e3 49. Kd1 e2+ 50. Ke1 Re7 $19) 37...
dxc5 38. Rxf6 Ke7 39. Rc6 Rxe4 40. Kc3 Rd4 41. f6+ (41. Rxc5 Kf6 42. Rc7 Rg4 (
42... Rd6 43. g4 e4) 43. Kd3 Rxg2 44. Ke3 Rg3+ 45. Ke4 Rg4+ 46. Ke3 Rf4 $19)
41... Kd7 42. Rxc5 Ke6 $19) 37. c5 $6 {This does not lose but it is extremely
risky.Once again he brings himself on the edge of the cliff.} (37. Kc3 Rg3+ 38.
Kc2 Rxg2+ 39. Kd3 $11) 37... dxc5 38. Rxf6 Ke7 39. Rc6 Rg4 $1 {Late or not at
least I have realised my mistake.} 40. Rxc5 (40. f6+ $2 Kd7 41. Rxc5 Rxe4 $19)
40... Rxe4 41. g4 Kd6 $2 {Instead of this I could have created real
difficulties for him.I was trying to get some position similar to Lautier
-Yermolinsky,Tilburg(m/01)1993.} (41... Kf6 $1 42. Rc6+ Kg5 43. Rc7 Rxg4 $1 (
43... f6 44. Rg7+ Kf4 45. Rg6 Rc4 46. Rxf6 Kxg4 47. Rf8 Rc6 48. f6 Kf4 49. Rd8
Rxf6 50. Kc2 $11) 44. Rxf7 Rc4 $1 {Now it looks winning but the difference
with the above mentioned game is his king may attack to my rook which cuts his
king off.} (44... Rf4 45. Kc3 Rxf5 46. Rg7+) 45. Kb3 $1 {This is the most
exact move.His king has to launch an immediate attack on my rook.} (45. f6 $2
Rc6 $19) (45. Rf8 Rc6 46. Kb3 e4 47. Kb4 $1 (47. f6 $2 Kf4 48. f7 Rc7 $19)
47... e3 48. Kb5 (48. f6 $2 Kf4 49. Kb5 Re6 50. f7 Re7 51. Kc5 Kf3 52. Kd6 Ra7
$19) 48... Rf6 49. Re8 Kf4 50. Kc4 Kf3 51. Kd4 Rd6+ 52. Ke5 Rd7 53. f6 e2 54.
Kf5 $11) 45... Rc6 $1 (45... Rc8 46. Kb4 Kf4 47. Kb5 e4 48. f6 e3 49. Re7 Kf3
50. f7 Rf8 51. Kc4 $11) 46. Kb4 e4 (46... Kf4 47. Rf8 e4 48. Kb5 Rc2 49. f6 Ke3
50. f7 Rc7 51. Kb6 Re7 52. Kc6 Kf3 53. Kd6 Ra7 54. Ke6 $11) (46... Rf6 47. Rd7
Kf4 $1 (47... Kxf5 48. Kc3 Ke4 49. Kd2 Rf2+ 50. Ke1 Ra2 51. Rb7 Ra3 52. Ke2 $11
) 48. Kc3 e4 49. Kd2 Kf3 50. Re7 Rd6+ 51. Ke1 e3 52. f6 Ra6 (52... Rxf6 53. Re8
$11) 53. Rd7 Ra1+ 54. Rd1 Ra2 55. f7 Re2+ 56. Kf1 Rf2+ 57. Ke1 $11) 47. f6 Kf5
48. Rf8 $1 (48. Kb5 $4 {The king goes out of the quadrate in which he keeps my
pawn under control.} Rxf6 $19) 48... Kf4 (48... Rxf6 49. Rxf6+ Kxf6 50. Kc3 $11
{and he will take the opposition.}) 49. Kb5 Re6 (49... Rc7 50. Kb6 Rh7 51. Kc5
e3 52. Re8 Rf7 53. Kd4 Rd7+ 54. Kc5 Kf3 55. Re7 Rd8 56. f7 Rf8 57. Kd4 e2 58.
Kd3 Rd8+ 59. Kc4 $11) 50. Kc4 $8 (50. f7 $2 Re7 51. Kc6 e3 52. Kd6 Ra7 $19)
50... Kf3 51. Kd5 e3 (51... Ra6 52. f7 Ra7 53. Ke6 e3 54. Re8 $11) 52. Kxe6 e2
53. f7 e1=Q+ 54. Kf6 $11 {is just a draw.}) 42. Ra5 Rxg4 43. Ra7 f6 {Only way
to continue the fight.} (43... Rg7 44. Kc3 Kd5 45. Kd3 e4+ 46. Ke3 Rg3+ 47. Kf4
Rf3+ 48. Kg5 $11) 44. Rf7 e4 45. Rxf6+ Ke5 46. Rf8 Kf4 (46... Kd4 $5 47. f6 Rf4
48. f7 Ke3 49. Kc3 Rf6 (49... Rf2 50. Kb3 $11) 50. Kc2 Kf3 51. Re8 Rxf7 52. Kd2
Rd7+ 53. Ke1 Ke3 54. Ra8 Rd3 55. Ra2 Rb3 56. Re2+ $11) (46... Rf4 47. Kc3 (47.
f6 $11) 47... Rxf5 48. Rxf5+ Kxf5 49. Kd2 $11) 47. f6 Kf3 48. f7 {The problem
is my rook can not land somewhere on the right side of his pawn since my own
pawn blocks the way.} Rf4 (48... Rg7 49. Kc3 e3 (49... Rh7 50. Kd4 (50. Kd2 e3+
51. Kc3 (51. Kd3 Kf2 $19) 51... Kf2 52. Kd3 Rg7 53. Rh8 $1 $11) 50... e3 51.
Re8 $11) (49... Ke3 50. Kc2 Kf2 51. Re8 $11) 50. Kd3 Kf2 51. Rh8 $11) 49. Kc3
e3 50. Kd3 Kf2 (50... e2 51. Re8 Rxf7 52. Re3+ $11) 51. Rh8 {The only move but
it is enough to secure the draw.} Rxf7 52. Rh2+ Kf3 53. Rh3+ Kf2 54. Rh2+ Kg3
55. Re2 Re7 56. Rxe3+ Rxe3+ 57. Kxe3 1/2-1/2

[Event "Moscow Aeroflot op"]
[Site "Moscow"]
[Date "2002.02.10"]
[Round "9"]
[White "Firman, Nazar"]
[Black "Galliamova, Alisa"]
[Result "1-0"]
[WhiteElo "2485"]
[BlackElo "2514"]
[Annotator "Atlas,V"]
[PlyCount "39"]
[EventDate "2002.02.04"]
[EventType "swiss"]
[EventRounds "9"]
[EventCountry "RUS"]
[SourceTitle "CBM 088"]
[Source "ChessBase"]
[SourceDate "2002.03.21"]
[SourceVersion "1"]
[SourceVersionDate "2002.03.21"]
[SourceQuality "1"]

1. e4 c5 2. Nf3 d6 3. d4 cxd4 4. Nxd4 Nf6 5. Nc3 Nc6 6. Bg5 e6 7. Qd2 a6 8.
O-O-O Bd7 9. f4 h6 10. Bh4 g5 11. fxg5 Ng4 12. Nf3 hxg5 13. Bg3 Nge5 14. Kb1 g4
15. Nxe5 Nxe5 16. Be2 Qa5 17. Rhf1 Rh7 $2 {A decisive mistake.} (17... Be7 {
was to be preferred.}) {[%tqu "En","How can you punish Black's last careless
move?","Exploit the shaky position of the black queen and h7-rook.","Try to
bring your knight into play!","c3d5","Knight 'centralization' is the most
convincing way to the victory!",5]} 18. Nd5 $1 {[%csl Ra5,Re8,Rh7][%cal Gd2a5,
Gd5f6] This elegant move spells a quick end for Black.} Qxd2 {What else?} 19.
Nf6+ Ke7 20. Rxd2 (20. Rxd2 {, and Black resigned, as after} Bh6 21. Rdd1 Rhh8
22. Bxe5 {White's material advantage is overhwhelming.}) 1-0

[Event "Athens Acropolis op"]
[Site "Athens"]
[Date "2005.03.12"]
[Round "7.2"]
[White "Izoria, Zviad"]
[Black "Avrukh, Boris"]
[Result "1/2-1/2"]
[WhiteElo "2607"]
[BlackElo "2629"]
[Annotator "Avrukh,B"]
[PlyCount "40"]
[EventDate "2005.03.06"]
[EventType "swiss"]
[EventRounds "9"]
[EventCountry "GRE"]
[SourceTitle "CBM 105 Extra"]
[Source "ChessBase"]
[SourceDate "2005.05.01"]
[SourceVersion "1"]
[SourceVersionDate "2005.05.01"]
[SourceQuality "1"]

1. e4 $5 {The very first move is already came as a big surprise to me ,since
Zviad usually chosses 1 d4.} c5 2. Nf3 Nc6 3. Nc3 d6 4. d4 cxd4 5. Nxd4 Nf6 6.
Bg5 e6 7. Qd2 a6 8. O-O-O Bd7 9. f4 h6 ({Nowadays much more popular} 9... b5) (
{,or} 9... Be7) 10. Bh4 Nxe4 $5 {Recently this move is seldom played,due to
his bad reputation,since Tal-Barda game played in 1956,but i had the
interesting novelty in my mind.} ({Usually Black chooses} 10... g5 11. fxg5 Ng4
{with very complex play.}) 11. Qe1 {Definitely the best move.} ({After} 11.
Nxe4 Qxh4 {Black doesn't experience nay problems.}) 11... Nf6 12. Nf5 {The
point of White's previous move.} Qa5 {Logically removing the Q from unpleasant
pin along h4-d8 diagonal,and at the same time preparing long castle.} 13. Nxd6+
Bxd6 14. Rxd6 Qc7 {In my opinion very important intermediate move,since after
natural} (14... O-O-O 15. Rd1 $1 {White enjoyes a comfortable edge.} {The
point that natural} Ne7 $2 {runs into} 16. Nd5 $1) 15. Rd2 $1 {This move is
much stronger than:} (15. Qd2 O-O-O {[%cal Gc6e7] and white's rook actually
misplaced on d6.}) 15... O-O-O ({It would be unwise to capture the pawn} 15...
Qxf4 $2 {since after} 16. Bxf6 $1 Qxf6 (16... gxf6 17. Nd5 $1 Qe5 18. Qxe5 Nxe5
19. Nc7+ $16) 17. Ne4 {White gets a clear advantage} Qf4 18. Nd6+ Ke7 19. g3
Qxd6 20. Rxd6 Kxd6 21. Qf2 Ke7 22. Qc5+ Kd8 23. Bg2 $16 {1-0 Guseinov,
G-Mamedov,N/Baku 2002/CBM 089 ext (25)}) 16. Bxf6 gxf6 17. Ne4 {This
straightforward continuation has been counted like the most dangerous one,but
matters are not that clear.....} ({The alternative} 17. Qh4 {might be very
interesting} f5 18. Be2 Be8 19. Rhd1 Rxd2 20. Rxd2 Qe7 21. Qf2 $14 {1-0 Ivkov,
B-Smailbegovic,H/Sombor 1957/MCD (53)}) 17... Nb4 $1 $146 {[%mdl 8] This is
exactly the novlety ,which was mentioned above in my comments.In my opinion
this unexpected move may change the evaluation of this line.} (17... Be8 18.
Rxd8+ Nxd8 19. Qe3 f5 20. Nc5 Bc6 21. Rg1 Re8 22. Bd3 $16 {1-0 Tal,M-Barda,O/
Upsala 1956/EXT 2000 (47)}) 18. a3 {Played after a really long think.} ({
The critical line runs} 18. Nd6+ Kb8 19. Nxf7 Rc8 $1 {With very interesting
play,of course i had analysed this line,but please allow me for the moment not
to reveal my secrets.I may yet be able to catch someone in this line.} (19...
Ba4 {looks very dangerous for White,but actually it can be easily refuted with
quiet} 20. Nxh8 $1)) ({Certainly bad} 18. Nxf6 {in view of} Ba4 $1 {with
decisive attack.}) 18... Nd5 19. Bc4 (19. g3 f5 20. Nf2 Bc6 21. Bg2 Nf6 $1 {
[%csl Ge4] looks even better for Black.}) 19... Bc6 {A solid continaution.} ({
The alternative was more interesting} 19... Nxf4 20. Nd6+ Kb8 21. Qf1 $1 ({
The point is that after} 21. Nxf7 Qxc4 22. Nxh8 Qa2 $1 {[%csl Gc1]} 23. Rd6 e5
$3 {[%csl Gf7] black has better chances.} 24. g3 $140 Kc7 $1 $17 {[%csl Gd6]})
21... Nxg2 {during the game i overlooked this nice tacticlal blow ,but still
White should hold with precise play.} 22. Qxf6 Ne3 23. Bb3 Bc8 24. Nxf7 Rxd2 (
24... Rdf8 25. Qe5) 25. Kxd2 (25. Qxh8 Re2) 25... Rf8 26. Qxh6 Nf5 27. Qxf8
Qf4+ 28. Kd1 Qf3+ $11) 20. Bxd5 Rxd5 ({Another option was} 20... Bxd5 21. Nxf6
(21. Rf1 $11) 21... Bxg2 22. Rxg2 Qxf4+ 23. Kb1 Qxf6 24. Rf1 Qe7 25. Rg7 {
[%csl Gf7]} Rhf8 26. Rh7 $44) (20... Rxd5 {Here i decided to offer draw(which
was accepted) due to the the following variation:} 21. Nxf6 Rf5 ({Black has
another option} 21... Rxd2 22. Qxd2 Rd8 (22... Bxg2 23. Rg1 Rd8 (23... Bh3 $2
24. Rg3 $16 {[%csl Gh3][%cal Gg3c3]}) 24. Qe3 {the same}) 23. Qe3 Bxg2 24. Rg1
Bh3 $1 {[%cal Gh3f5] otherwise White should be better.} 25. Qe5 $11) 22. Ne4
Bxe4 23. Qxe4 Qxf4 $11) 1/2-1/2